<?xml version="1.0" encoding="UTF-8" ?>
<collection xmlns="http://www.loc.gov/MARC21/slim"><record><leader>01216nam a2200289 nc4500</leader><controlfield tag="001">44391</controlfield><controlfield tag="003">CH-000273-5</controlfield><controlfield tag="005">20210203165520.0</controlfield><datafield tag="035" ind1=" " ind2=" "><subfield code="a">(OCoLC)906899646</subfield></datafield><datafield tag="040" ind1=" " ind2=" "><subfield code="a">CH-000273-5</subfield><subfield code="b">ger</subfield><subfield code="e">rda</subfield></datafield><datafield tag="041" ind1=" " ind2=" "><subfield code="a">ger</subfield></datafield><datafield tag="245" ind1="0" ind2="0"><subfield code="a">Ausstellung Hans Aeschbacher, Coghuf, Hans Haefliger, Hans Stocker</subfield><subfield code="b">21. Oktober bis 19. November 1944</subfield><subfield code="c">Kunsthaus Zürich</subfield></datafield><datafield tag="246" ind1="3" ind2="0"><subfield code="a">Hans Aeschbacher, Coghuf, Hans Haefliger, Hans Stocker</subfield></datafield><datafield tag="250" ind1=" " ind2=" "><subfield code="a">Katalog, 2. Ausgabe</subfield></datafield><datafield tag="264" ind1="0" ind2="1"><subfield code="a">[Zürich]</subfield><subfield code="b">[Kunsthaus Zürich]</subfield><subfield code="c">[1944]</subfield></datafield><datafield tag="300" ind1=" " ind2=" "><subfield code="a">14 Seiten</subfield><subfield code="c">20,2 cm</subfield></datafield><datafield tag="336" ind1=" " ind2=" "><subfield code="a">Text</subfield><subfield code="b">txt</subfield><subfield code="2">rdacontent</subfield></datafield><datafield tag="337" ind1=" " ind2=" "><subfield code="a">ohne Hilfsmittel zu benutzen</subfield><subfield code="b">n</subfield><subfield code="2">rdamedia</subfield></datafield><datafield tag="338" ind1=" " ind2=" "><subfield code="a">Band</subfield><subfield code="b">nc</subfield><subfield code="2">rdacarrier</subfield></datafield><datafield tag="600" ind1="1" ind2="7"><subfield code="a">Aeschbacher, Hans</subfield><subfield code="d">1882-1945</subfield><subfield code="v">Ausstellung</subfield><subfield code="2">gnd</subfield></datafield><datafield tag="600" ind1="0" ind2="7"><subfield code="a">Coghuf</subfield><subfield code="d">1905-1976</subfield><subfield code="v">Ausstellung</subfield><subfield code="2">gnd</subfield></datafield><datafield tag="600" ind1="1" ind2="7"><subfield code="a">Häfliger, Hans</subfield><subfield code="d">1957-</subfield><subfield code="v">Ausstellung</subfield><subfield code="2">gnd</subfield></datafield><datafield tag="600" ind1="1" ind2="7"><subfield code="a">Stocker, Hans</subfield><subfield code="d">1896-1983</subfield><subfield code="v">Ausstellung</subfield><subfield code="2">gnd</subfield></datafield><datafield tag="655" ind1="0" ind2="7"><subfield code="a">Ausstellungskatalog</subfield><subfield code="x">Kunsthaus Zürich</subfield><subfield code="y">21.10.1944-19.11.1944</subfield><subfield code="z">Zürich</subfield><subfield code="2">gnd-content</subfield></datafield><datafield tag="710" ind1="2" ind2="0"><subfield code="a">Kunsthaus Zürich</subfield><subfield code="e">Veranstalter</subfield><subfield code="4">orm</subfield><subfield code="e">Herausgebendes Organ</subfield><subfield code="4">isb</subfield></datafield><datafield tag="852" ind1="4" ind2="0"><subfield code="a">CH-000273-5</subfield><subfield code="c">a3/Z 80:19441021</subfield></datafield><datafield tag="856" ind1="4" ind2="1"><subfield code="u">https://digital.kunsthaus.ch/viewer/image/44391/1/</subfield><subfield code="y">Kunsthaus Zürich Sammlungen online</subfield></datafield></record></collection>